Who is in Swami's Heart?/ (Record no. 191536)
[ view plain ]
| 000 -LEADER | |
|---|---|
| fixed length control field | 00550nam a22001817a 4500 |
| 005 - DATE AND TIME OF LATEST TRANSACTION | |
| control field | 20220829145043.0 |
| 010 ## - LCCN (DPL NO) | |
| LC control number | ENG-134756 |
| 020 ## - INTERNATIONAL STANDARD BOOK NUMBER | |
| International Standard Book Number | 97893810008607 |
| Terms of availability | 180.00 |
| 035 ## - SYSTEM CONTROL NUMBER | |
| System control number | EN-118288 |
| 037 ## - SOURCE OF ACQUISITION | |
| Source of stock number/acquisition | DBAD/PUB |
| 082 ## - DEWEY DECIMAL CLASSIFICATION NUMBER | |
| Classification number | 880.9 |
| 100 ## - MAIN ENTRY--PERSONAL NAME | |
| Personal name | Sai, Vasantha |
| 245 ## - TITLE STATEMENT | |
| Title | Who is in Swami's Heart?/ |
| Statement of responsibility, etc | Vasantha Sai |
| 260 ## - PUBLICATION, DISTRIBUTION, ETC. (IMPRINT) | |
| Place of publication, distribution, etc | Madurai |
| Name of publisher, distributor, etc | Mukthi Nilayam |
| Date of publication, distribution, etc | 2011 |
| 270 ## - ADDRESS | |
| Address | Royapalayam Village B.O. Tirumangalam S.O. Madurai-Virundhunagar Road |
| City | Madurai |
| Postal code | 625706 |
| 300 ## - PHYSICAL DESCRIPTION | |
| Extent | 277p. |
| Dimensions | 20cm(pbk) |
| 942 ## - ADDED ENTRY ELEMENTS (KOHA) | |
| Source of classification or shelving scheme | Dewey Decimal Classification |
| Item type | English Books |
| Classification part | 880.9 |
| Call number suffix | SAI |
| Withdrawn status | Lost status | Not for loan | Collection code | Home library | Current library | Date acquired | Source of acquisition | Cost, normal purchase price | Full call number | Barcode | Copy number | Cost, replacement price | Koha item type |
|---|---|---|---|---|---|---|---|---|---|---|---|---|---|
| Non-fiction | Bawana | Bawana | 29/08/2022 | DBAD/PUB | 180.00 | 880.9 SAI | EN-118288 | 1 | 180.00 | English Books |
